Города по их прозвищам - Statistics

General Stats
  • This quiz has been taken 29 times
  • The average score is 7 of 15
Answer Stats
Прозвище Город % Correct
Город пушек и пряников Тула
83%
Северная Венеция Санкт-Петербург
74%
Город невест Иваново
74%
Большое яблоко Нью-Йорк
65%
Город ангелов Лос-Анджелес
65%
Дефолт-сити Москва
61%
Криминальная столица США Детройт
52%
Город белых автомобилей Ашхабад
35%
Жемчужина у моря Одесса
35%
Злой город Козельск
35%
Азиатский Лас-Вегас Макао
26%
Город грязи и вонищи Мытищи
22%
Подмосковный Калининград Королёв
17%
Город братской любви Филадельфия
9%
Город трёх рек Пассау
4%
No matching quizzes found
Score Distribution
Percent of People with Each Score
Percentile by Number Answered
Your Score History
You have not taken this quiz